000 00747nam a2200241 a 4500
001 18122
003 CO-ViMGA
008 141112s2004 ck r 000 u spa d
020 _a8420535745
040 _aCO-ViMGA
_bspa
_cCO-ViMGA
082 0 4 _a629.892 R616
100 1 _aTorres, Fernando; Pomares, Jorge
_925767
245 1 0 _aRobots y sistemas sensoriales
260 _aMadríd (España),
_cPrentice Hall,
_c2002
300 _a444.p. + CD Rom
590 _aForma de adquisición : Premio - Mincultura
650 1 4 _aPROGRAMACION DE SISTEMAS INTELIGENTES
_925768
650 1 4 _aROBOTICA
_954146
650 1 4 _aROBOTSSENSORES
_925769
650 1 4 _aSISTEMAS AUTOMATICOS DE CONTROL
_925770
650 1 4 _aVISION ARTIFICIAL
_925771
942 _2ddc
_cBK
999 _c27495
_d27495